Geografía y comercio / (Record no. 9890)

MARC details
000 -LEADER
campo de control de longitud fija 00754nam a2200265 i 4500
001 - NÚMERO DE CONTROL
campo de control 9890
003 - IDENTIFICADOR DE NÚMERO DE CONTROL
campo de control ES-MaACL
005 - FECHA Y HORA DE LA ÚLTIMA TRANSACCIÓN
campo de control 20250814065124.0
007 - CAMPO FIJO DE DESCRIPCIÓN FÍSICA--INFORMACIÓN GENERAL
campo de control de longitud fija t|
008 - DATOS DE LONGITUD FIJA--INFORMACIÓN GENERAL
campo de control de longitud fija 940411s1992 sp ||||1| spa d
020 ## - NÚMERO INTERNACIONAL ESTÁNDAR DEL LIBRO
Número Internacional Estándar del Libro 84-85855-64-7
080 ## - NÚMERO DE LA CLASIFICACIÓN DECIMAL UNIVERSAL
Número de la Clasificación Decimal Universal 915:33
080 ## - NÚMERO DE LA CLASIFICACIÓN DECIMAL UNIVERSAL
Número de la Clasificación Decimal Universal 33:915
100 1# - ENTRADA PRINCIPAL--NOMBRE DE PERSONA
Nombre de persona Krugman, Paul R.
9 (RLIN) 68908
245 10 - MENCIÓN DEL TÍTULO
Título Geografía y comercio /
Mención de responsabilidad, etc. Paul Krugman ; traducción de Alfons Méndez.
250 ## - MENCION DE EDICION
Mención de edición 1ª ed.
260 ## - PUBLICACIÓN, DISTRIBUCIÓN, ETC.
Lugar de publicación, distribución, etc. Barcelona :
Nombre del editor, distribuidor, etc. Antoni Bosch,
Fecha de publicación, distribución, etc. 1992.
300 ## - DESCRIPCIÓN FÍSICA
Extensión 152 p. ;
Dimensiones 22 cm.
490 1# - MENCIÓN DE SERIE
Mención de serie Textos universitarios
650 17 - PUNTO DE ACCESO ADICIONAL DE MATERIA--TÉRMINO DE MATERIA
Término de materia o nombre geográfico como elemento de entrada Geografía económica
Fuente del encabezamiento o término embne
9 (RLIN) 13077
700 1# - ENTRADA AGREGADA--NOMBRE PERSONAL
Nombre de persona Méndez, Alfons.
9 (RLIN) 80107
830 0# - PUNTO DE ACCESO ADICIONAL DE SERIE-TÍTULO UNIFORME
Título uniforme Textos universitarios
9 (RLIN) 177853
852 ## - LOCALIZACIÓN
Ubicación ES-MaACL
Número de control de estantería L-17312
Sublocalización o colección R.122380
Holdings
Estatus retirado Estado de pérdida Estado de daño No para préstamo Biblioteca de origen Biblioteca actual Ubicación en estantería Fecha de adquisición Fuente de adquisición Total de préstamos Signatura topográfica completa Código de barras Visto por última vez Precio de reemplazo Tipo de ítem Koha
        Biblioteca del Ateneo de Madrid Biblioteca del Ateneo de Madrid Depósito 2 17/01/2008     L-17312 1010096 23/02/2023 23/02/2023 Libro impreso